[Event "IMP Kobiet do lat 20"]
[Site "Chotowa"]
[Date "2023.10.31"]
[Round "5.12"]
[White "Woytitzki, Sophie"]
[Black "Woytitzki, Maja"]
[Result "0-1"]
[BlackElo "1295"]
[WhiteElo "1259"]
[LiveChessVersion "1.4.8"]

1. d4 {[%clk 1:30:57]} Nf6 {[%clk 1:30:33]} 2. c4 {[%clk 1:31:19]} g6
{[%clk 1:30:57]} 3. g3 {[%clk 1:31:44]} d6 {[%clk 1:31:10]} 4. Bg2
{[%clk 1:32:02]} c6 {[%clk 1:31:32]} 5. Nf3 {[%clk 1:32:24]} Bg7 {[%clk 1:31:59]}
6. O-O {[%clk 1:32:45]} O-O {[%clk 1:32:23]} 7. Qc2 {[%clk 1:33:03]} Bf5
{[%clk 1:32:25]} 8. Qd1 {[%clk 1:31:49]} Qd7 {[%clk 1:31:39]} 9. b3
{[%clk 1:31:00]} Na6 {[%clk 1:31:45]} 10. Bb2 {[%clk 1:30:33]} Rac8
{[%clk 1:28:41]} 11. Nbd2 {[%clk 1:30:14]} Rfd8 {[%clk 1:26:19]} 12. Rc1
{[%clk 1:30:17]} c5 {[%clk 1:16:49]} 13. d5 {[%clk 1:29:15]} e6 {[%clk 1:07:48]}
14. dxe6 {[%clk 1:26:14]} Bxe6 {[%clk 1:07:05]} 15. e4 {[%clk 1:26:05]} Nb4
{[%clk 1:05:31]} 16. Qe2 {[%clk 1:23:21]} Bg4 {[%clk 1:04:14]} 17. a3
{[%clk 1:23:15]} Nc6 {[%clk 1:04:32]} 18. Qe3 {[%clk 1:23:12]} Bxf3
{[%clk 1:04:09]} 19. Qxf3 {[%clk 1:23:20]} Ne5 {[%clk 1:03:55]} 20. Bxe5
{[%clk 1:23:07]} dxe5 {[%clk 1:04:16]} 21. Rfd1 {[%clk 1:22:31]} Qd3
{[%clk 1:03:39]} 22. Qxd3 {[%clk 1:21:29]} Rxd3 {[%clk 1:03:59]} 23. Bf1
{[%clk 1:21:55]} Rd4 {[%clk 1:03:45]} 24. f3 {[%clk 1:20:58]} Rcd8
{[%clk 1:03:53]} 25. Rc2 {[%clk 1:20:28]} Bh6 {[%clk 1:04:11]} 26. g4
{[%clk 1:19:45]} Bxd2 {[%clk 1:03:58]} 27. Kh1 {[%clk 1:20:02]} Bf4
{[%clk 1:03:45]} 28. Rxd4 {[%clk 1:20:12]} Rxd4 {[%clk 1:04:01]} 29. Kg2
{[%clk 1:20:06]} Rd2+ {[%clk 1:04:05]} 30. Rxd2 {[%clk 1:20:30]} Bxd2
{[%clk 1:04:26]} 31. a4 {[%clk 1:19:57]} g5 {[%clk 1:04:25]} 32. h3
{[%clk 1:20:14]} Nd7 {[%clk 1:04:40]} 33. Kf2 {[%clk 1:20:31]} Nb8
{[%clk 1:04:58]} 34. Ke2 {[%clk 1:20:43]} Bb4 {[%clk 1:05:16]} 35. Kf2
{[%clk 1:17:49]} Nc6 {[%clk 1:05:31]} 36. Be2 {[%clk 1:18:13]} a5
{[%clk 1:04:49]} 37. Kg2 {[%clk 1:18:04]} Be1 {[%clk 1:04:41]} 38. Kf1
{[%clk 1:18:08]} Bh4 {[%clk 1:04:40]} 39. Bd1 {[%clk 1:18:11]} Nd4
{[%clk 1:04:59]} 40. Kg2 {[%clk 1:48:32]} Ne6 {[%clk 1:34:27]} 41. Kh2
{[%clk 1:48:33]} Nf4 {[%clk 1:34:20]} 42. Bc2 {[%clk 1:48:48]} h5
{[%clk 1:34:28]} 43. Bd1 {[%clk 1:48:42]} Kg7 {[%clk 1:34:12]} 44. Bc2
{[%clk 1:48:53]} hxg4 {[%clk 1:34:07]} 45. hxg4 {[%clk 1:49:13]} b6
{[%clk 1:33:20]} 46. Bd1 {[%clk 1:49:32]} Nd3 {[%clk 1:33:00]} 47. Kg2
{[%clk 1:49:25]} Kf6 {[%clk 1:31:55]} 48. Kh2 {[%clk 1:49:35]} Bf2
{[%clk 1:30:58]} 49. Kg2 {[%clk 1:49:57]} Be3 {[%clk 1:31:21]} 50. Kh2
{[%clk 1:50:02]} Ne1 {[%clk 1:29:27]} 51. Kh1 {[%clk 1:49:23]} Kg6
{[%clk 1:28:36]} 52. Kh2 {[%clk 1:49:28]} f6 {[%clk 1:28:45]} 53. Kh1
{[%clk 1:49:50]} Nd3 {[%clk 1:27:56]} 54. Kg2 {[%clk 1:49:16]} Nf4+
{[%clk 1:28:09]} 55. Kf1 {[%clk 1:48:39]} Ne6 {[%clk 1:27:56]} 56. Ke2
{[%clk 1:48:37]} Bf4 {[%clk 1:28:16]} 57. Kf2 {[%clk 1:48:40]} Nd4
{[%clk 1:28:41]} 58. Kg2 {[%clk 1:48:56]} f5 {[%clk 1:26:52]} 59. exf5+
{[%clk 1:49:13]} Kf6 {[%clk 1:27:18]} 60. Kf2 {[%clk 1:49:24]} Nxf5
{[%clk 1:25:38]} 61. gxf5 {[%clk 1:49:41]} Kxf5 {[%clk 1:24:57]} 62. Bc2+
{[%clk 1:49:56]} Kf6 {[%clk 1:25:22]} 63. Be4 {[%clk 1:50:18]} Kg7
{[%clk 1:25:40]} 64. Kg2 {[%clk 1:49:27]} Kh6 {[%clk 1:25:50]} 65. Kh3
{[%clk 1:49:52]} Kh5 {[%clk 1:25:53]} 66. Bf5 {[%clk 1:49:18]} Bd2
{[%clk 1:26:00]} 67. Bd7 {[%clk 1:49:34]} Bf4 {[%clk 1:26:12]} 68. Be8+
{[%clk 1:49:59]} Kh6 {[%clk 1:26:16]} 69. Kg4 {[%clk 1:50:04]} Kg7
{[%clk 1:26:36]} 70. Kf5 {[%clk 1:50:22]} Kf8 {[%clk 1:26:55]} 71. Bc6
{[%clk 1:50:48]} Ke7 {[%clk 1:27:20]} 72. Be4 {[%clk 1:51:08]} Kf7
{[%clk 1:27:39]} 73. Bd5+ {[%clk 1:51:23]} Ke7 {[%clk 1:28:01]} 74. Kg6
{[%clk 1:51:36]} Ke8 {[%clk 1:27:35]} 75. Kf6 {[%clk 1:51:55]} Kd7
{[%clk 1:28:02]} 76. Kf7 {[%clk 1:52:01]} Kd6 {[%clk 1:28:28]} 77. Ke8
{[%clk 1:52:17]} Kc7 {[%clk 1:28:33]} 78. Ke7 {[%clk 1:52:31]} Kc8
{[%clk 1:28:53]} 79. Kd6 {[%clk 1:52:50]} e4+ {[%clk 1:29:15]} 80. Kc6
{[%clk 1:52:47]} e3 {[%clk 1:29:41]} 81. Kxb6 {[%clk 1:53:06]} e2
{[%clk 1:30:05]} 82. Kxa5 {[%clk 1:52:59]} e1=Q+ {[%clk 1:30:27]} 83. Ka6
{[%clk 1:53:26]} Bc7 {[%clk 1:30:38]} 84. Bb7+ {[%clk 1:52:29]} Kb8
{[%clk 1:31:01]} 85. Kb5 {[%clk 1:52:47]} Qa5+ {[%clk 1:31:03]} 86. Kc6
{[%clk 1:53:10]} Qb6+ {[%clk 1:31:27]} 87. Kd5 {[%clk 1:53:33]} Qd6+
{[%clk 1:31:35]} 88. Ke4 {[%clk 1:53:58]} Kxb7 {[%clk 1:31:42]} 89. a5
{[%clk 1:54:20]} Qf4+ {[%clk 1:31:57]} 90. Kd5 {[%clk 1:54:42]} Qe5#
{[%clk 1:32:19]} 0-1

[Event "IMP Kobiet do lat 20"]
[Site "Chotowa"]
[Date "2023.10.31"]
[Round "6.1"]
[White "Barwinska, Ewa"]
[Black "Goraj, Barbara"]
[Result "0-1"]
[BlackElo "2135"]
[WhiteElo "1974"]
[LiveChessVersion "1.4.8"]

1. e4 {[%clk 1:30:57]} c6 {[%clk 1:30:54]} 2. d4 {[%clk 1:31:20]} d5
{[%clk 1:31:18]} 3. Nc3 {[%clk 1:31:41]} dxe4 {[%clk 1:31:41]} 4. Nxe4
{[%clk 1:32:04]} Bf5 {[%clk 1:32:03]} 5. Qf3 {[%clk 1:32:25]} e6 {[%clk 1:25:10]}
6. Ne2 {[%clk 1:32:39]} Nf6 {[%clk 1:10:21]} 7. Nxf6+ {[%clk 1:32:46]} Qxf6
{[%clk 1:09:45]} 8. Qb3 {[%clk 1:32:57]} b6 {[%clk 1:08:05]} 9. h4
{[%clk 1:26:25]} Bd6 {[%clk 1:03:35]} 10. Bg5 {[%clk 1:23:51]} Qg6
{[%clk 1:00:47]} 11. O-O-O {[%clk 1:22:54]} h6 {[%clk 0:58:46]} 12. Bf4
{[%clk 1:20:22]} Bxf4+ {[%clk 0:55:51]} 13. Nxf4 {[%clk 1:20:50]} Qf6
{[%clk 0:55:36]} 14. Nh5 {[%clk 1:14:37]} Qg6 {[%clk 0:55:00]} 15. Nf4
{[%clk 1:12:57]} Qf6 {[%clk 0:53:22]} 16. Qe3 {[%clk 1:12:34]} Nd7
{[%clk 0:33:36]} 17. f3 {[%clk 1:06:36]} O-O-O {[%clk 0:28:00]} 18. g4
{[%clk 1:03:54]} Bg6 {[%clk 0:24:54]} 19. Nxg6 {[%clk 1:02:16]} fxg6
{[%clk 0:25:08]} 20. g5 {[%clk 0:52:37]} Qf7 {[%clk 0:24:53]} 21. Ba6+
{[%clk 0:50:23]} Kc7 {[%clk 0:24:21]} 22. f4 {[%clk 0:46:47]} b5 {[%clk 0:21:06]}
23. a4 {[%clk 0:39:45]} Kb6 {[%clk 0:19:16]} 24. d5+ {[%clk 0:24:20]} Kxa6
{[%clk 0:19:31]} 25. dxe6 {[%clk 0:19:08]} Qe7 {[%clk 0:19:02]} 26. Qe4
{[%clk 0:18:16]} Nb6 {[%clk 0:16:15]} 27. Qxc6 {[%clk 0:14:51]} bxa4
{[%clk 0:16:00]} 28. Qe4 {[%clk 0:14:26]} hxg5 {[%clk 0:11:53]} 29. hxg5
{[%clk 0:12:34]} Rxh1 {[%clk 0:10:43]} 30. Rxh1 {[%clk 0:12:58]} a3
{[%clk 0:09:33]} 31. b4 {[%clk 0:06:53]} Rc8 {[%clk 0:06:38]} 32. Rh3
{[%clk 0:05:55]} Nc4 {[%clk 0:06:02]} 33. b5+ {[%clk 0:04:25]} Kb6
{[%clk 0:05:14]} 34. Qd4+ {[%clk 0:01:54]} Qc5 {[%clk 0:04:11]} 35. Qxc5+
{[%clk 0:02:01]} Kxc5 {[%clk 0:03:35]} 36. Kb1 {[%clk 0:02:18]} Kd6
{[%clk 0:02:49]} 0-1

[Event "IMP Kobiet do lat 20"]
[Site "Chotowa"]
[Date "2023.10.31"]
[Round "6.2"]
[White "Kudlak, Julia"]
[Black "Hertlein, Irena"]
[Result "1-0"]
[BlackElo "1952"]
[WhiteElo "1892"]
[LiveChessVersion "1.4.8"]

1. e4 {[%clk 1:30:50]} c5 {[%clk 1:30:51]} 2. c3 {[%clk 1:30:16]} e5
{[%clk 1:27:20]} 3. Nf3 {[%clk 1:29:27]} Nc6 {[%clk 1:27:44]} 4. Bc4
{[%clk 1:27:52]} Qc7 {[%clk 1:25:59]} 5. Ng5 {[%clk 1:23:52]} Nd8
{[%clk 1:26:15]} 6. O-O {[%clk 1:18:30]} Be7 {[%clk 1:21:24]} 7. d3
{[%clk 1:10:17]} Nf6 {[%clk 1:08:26]} 8. a4 {[%clk 1:04:32]} h6 {[%clk 1:07:11]}
9. Nf3 {[%clk 1:03:42]} O-O {[%clk 1:03:36]} 10. Na3 {[%clk 0:59:43]} b6
{[%clk 0:46:50]} 11. h3 {[%clk 0:51:35]} Bb7 {[%clk 0:45:13]} 12. Qe1
{[%clk 0:47:59]} Nc6 {[%clk 0:39:25]} 13. Nh4 {[%clk 0:42:36]} Rfe8
{[%clk 0:27:27]} 14. f4 {[%clk 0:38:10]} Bf8 {[%clk 0:12:12]} 15. Qg3
{[%clk 0:31:22]} Na5 {[%clk 0:06:23]} 16. Nf5 {[%clk 0:20:50]} Nxc4
{[%clk 0:06:30]} 17. Nxc4 {[%clk 0:20:35]} d5 {[%clk 0:01:37]} 18. Nxe5
{[%clk 0:19:21]} Kh7 {[%clk 0:01:25]} 19. exd5 {[%clk 0:16:41]} Nxd5
{[%clk 0:01:36]} 20. Bd2 {[%clk 0:15:49]} Ne7 {[%clk 0:00:53]} 21. Nxe7
{[%clk 0:14:24]} Qxe7 {[%clk 0:01:10]} 22. Rae1 {[%clk 0:14:07]} Qc7
{[%clk 0:00:34]} 23. f5 {[%clk 0:11:23]} Bd6 {[%clk 0:00:35]} 24. f6
{[%clk 0:11:25]} Rg8 {[%clk 0:00:39]} 25. Qf4 {[%clk 0:09:36]} Rae8
{[%clk 0:00:32]} 26. fxg7 {[%clk 0:09:14]} Rxg7 {[%clk 0:01:01]} 27. Qxh6+
{[%clk 0:09:07]} Kg8 {[%clk 0:01:30]} 28. Ng4 {[%clk 0:08:03]} Rxe1
{[%clk 0:00:36]} 29. Nf6+ {[%clk 0:07:55]} Kf8 {[%clk 0:01:02]} 30. Qh8+
{[%clk 0:08:16]} Ke7 {[%clk 0:01:20]} 31. Qe8# {[%clk 0:08:41]} 1-0

[Event "IMP Kobiet do lat 20"]
[Site "Chotowa"]
[Date "2023.10.31"]
[Round "6.3"]
[White "Starosta, Martyna"]
[Black "Waszczuk, Patrycja"]
[Result "1/2-1/2"]
[BlackElo "2248"]
[WhiteElo "2180"]
[LiveChessVersion "1.4.8"]

1. e4 {[%clk 1:30:57]} e6 {[%clk 1:30:57]} 2. d4 {[%clk 1:30:51]} d5
{[%clk 1:31:23]} 3. e5 {[%clk 1:30:55]} c5 {[%clk 1:31:49]} 4. c3
{[%clk 1:31:19]} Nc6 {[%clk 1:32:01]} 5. Nf3 {[%clk 1:31:41]} Qb6
{[%clk 1:32:02]} 6. Bd3 {[%clk 1:31:54]} Bd7 {[%clk 1:31:48]} 7. O-O
{[%clk 1:32:07]} cxd4 {[%clk 1:28:34]} 8. Re1 {[%clk 1:32:31]} Nge7
{[%clk 1:24:09]} 9. h4 {[%clk 1:32:54]} h6 {[%clk 1:21:56]} 10. h5
{[%clk 1:33:17]} Nc8 {[%clk 1:17:16]} 11. a3 {[%clk 1:28:14]} a5 {[%clk 1:14:17]}
12. c4 {[%clk 1:20:01]} dxc4 {[%clk 1:09:30]} 13. Bxc4 {[%clk 1:20:08]} Bc5
{[%clk 1:07:47]} 14. b3 {[%clk 1:14:01]} N8e7 {[%clk 1:02:04]} 15. Nbd2
{[%clk 1:02:52]} Rd8 {[%clk 0:54:14]} 16. Ne4 {[%clk 0:58:22]} Bc8
{[%clk 0:50:51]} 17. Rb1 {[%clk 0:49:33]} Nd5 {[%clk 0:45:58]} 18. Bb2
{[%clk 0:41:42]} Nc3 {[%clk 0:41:48]} 19. Bxc3 {[%clk 0:41:25]} dxc3
{[%clk 0:42:14]} 20. Qc1 {[%clk 0:40:40]} c2 {[%clk 0:38:33]} 21. Ra1
{[%clk 0:34:01]} Nd4 {[%clk 0:37:14]} 22. Ra2 {[%clk 0:24:36]} Nxf3+
{[%clk 0:28:36]} 23. gxf3 {[%clk 0:25:00]} Be7 {[%clk 0:27:41]} 24. Rxc2
{[%clk 0:21:44]} O-O {[%clk 0:24:32]} 25. Rce2 {[%clk 0:15:02]} Bd7
{[%clk 0:19:13]} 26. Nf6+ {[%clk 0:10:23]} Bxf6 {[%clk 0:15:39]} 27. exf6
{[%clk 0:10:47]} Qd4 {[%clk 0:15:56]} 28. fxg7 {[%clk 0:10:29]} Qxg7+
{[%clk 0:16:04]} 29. Kh2 {[%clk 0:10:01]} Kh8 {[%clk 0:15:44]} 30. Rg1
{[%clk 0:08:01]} Qf6 {[%clk 0:15:43]} 31. Re4 {[%clk 0:05:58]} Rg8
{[%clk 0:11:11]} 32. Qf4 {[%clk 0:03:28]} Qxf4+ {[%clk 0:08:57]} 33. Rxf4
{[%clk 0:03:56]} Rxg1 {[%clk 0:07:53]} 34. Kxg1 {[%clk 0:04:25]} Be8
{[%clk 0:07:13]} 35. a4 {[%clk 0:03:08]} Rd1+ {[%clk 0:06:59]} 36. Kg2
{[%clk 0:03:16]} Kg7 {[%clk 0:06:56]} 37. Rg4+ {[%clk 0:02:50]} Kf8
{[%clk 0:06:55]} 38. Rf4 {[%clk 0:01:56]} Ke7 {[%clk 0:05:26]} 39. Rg4
{[%clk 0:02:17]} Kf8 {[%clk 0:03:32]} 40. Rf4 {[%clk 0:32:36]} Rd6
{[%clk 0:33:30]} 41. Re4 {[%clk 0:29:24]} Ke7 {[%clk 0:31:38]} 42. Rg4
{[%clk 0:28:46]} e5 {[%clk 0:29:42]} 43. Re4 {[%clk 0:23:57]} f6 {[%clk 0:23:24]}
44. Rg4 {[%clk 0:23:50]} Rb6 {[%clk 0:20:44]} 45. Rg7+ {[%clk 0:23:06]} Kf8
{[%clk 0:19:53]} 46. Rg8+ {[%clk 0:21:07]} Ke7 {[%clk 0:20:18]} 47. Rg7+
{[%clk 0:18:08]} Kf8 {[%clk 0:20:33]} 48. Rg8+ {[%clk 0:17:56]} Ke7
{[%clk 0:20:57]} 1/2-1/2

[Event "IMP Kobiet do lat 20"]
[Site "Chotowa"]
[Date "2023.10.31"]
[Round "6.4"]
[White "Siekanska, Maria"]
[Black "Jarocka, Liwia"]
[Result "1-0"]
[BlackElo "2208"]
[WhiteElo "2065"]
[LiveChessVersion "1.4.8"]

1. d4 {[%clk 1:30:59]} d5 {[%clk 1:30:51]} 2. c4 {[%clk 1:30:11]} e6
{[%clk 1:31:11]} 3. Nc3 {[%clk 1:30:18]} Nf6 {[%clk 1:31:17]} 4. cxd5
{[%clk 1:30:35]} exd5 {[%clk 1:31:43]} 5. Bg5 {[%clk 1:30:56]} c6
{[%clk 1:32:05]} 6. e3 {[%clk 1:31:11]} Be6 {[%clk 1:32:10]} 7. Bd3
{[%clk 1:31:10]} Nbd7 {[%clk 1:32:20]} 8. Nge2 {[%clk 1:31:21]} h6
{[%clk 1:32:34]} 9. Bh4 {[%clk 1:31:35]} g5 {[%clk 1:32:49]} 10. Bg3
{[%clk 1:31:31]} Nh5 {[%clk 1:33:07]} 11. Qc2 {[%clk 1:28:16]} Nxg3
{[%clk 1:32:10]} 12. Nxg3 {[%clk 1:25:03]} h5 {[%clk 1:31:50]} 13. f4
{[%clk 1:16:09]} Nb6 {[%clk 1:15:46]} 14. f5 {[%clk 1:07:04]} Bd7
{[%clk 1:15:58]} 15. e4 {[%clk 1:06:39]} dxe4 {[%clk 1:11:52]} 16. Ngxe4
{[%clk 0:53:33]} Bxf5 {[%clk 1:07:13]} 17. O-O-O {[%clk 0:52:42]} g4
{[%clk 0:45:40]} 18. Ng3 {[%clk 0:50:41]} Be6 {[%clk 0:44:26]} 19. d5
{[%clk 0:47:17]} Nxd5 {[%clk 0:42:21]} 20. Nxd5 {[%clk 0:46:17]} Qxd5
{[%clk 0:41:36]} 21. Nf5 {[%clk 0:33:18]} Qxa2 {[%clk 0:30:00]} 22. Qc3
{[%clk 0:31:31]} Rg8 {[%clk 0:29:32]} 23. Qf6 {[%clk 0:28:07]} Qa1+
{[%clk 0:19:48]} 24. Bb1 {[%clk 0:27:15]} Rg6 {[%clk 0:20:01]} 25. Qe5
{[%clk 0:26:12]} Qa4 {[%clk 0:17:27]} 26. Rhe1 {[%clk 0:23:13]} Rg5
{[%clk 0:16:22]} 27. Qc7 {[%clk 0:19:29]} Qc4+ {[%clk 0:15:18]} 28. Bc2
{[%clk 0:19:52]} Rxf5 {[%clk 0:14:40]} 29. Qd7# {[%clk 0:20:14]} 1-0

[Event "IMP Kobiet do lat 20"]
[Site "Chotowa"]
[Date "2023.10.31"]
[Round "6.5"]
[White "Dylag, Emilia"]
[Black "Smietanska, Wiktoria"]
[Result "1/2-1/2"]
[BlackElo "2071"]
[WhiteElo "2163"]
[LiveChessVersion "1.4.8"]

1. d4 {[%clk 1:30:56]} d5 {[%clk 1:30:55]} 2. c4 {[%clk 1:31:18]} e6
{[%clk 1:31:19]} 3. Nc3 {[%clk 1:30:45]} Nf6 {[%clk 1:31:38]} 4. cxd5
{[%clk 1:30:49]} exd5 {[%clk 1:32:00]} 5. Bg5 {[%clk 1:31:09]} Bb4
{[%clk 1:32:19]} 6. e3 {[%clk 1:28:57]} h6 {[%clk 1:32:28]} 7. Bxf6
{[%clk 1:25:08]} Qxf6 {[%clk 1:32:08]} 8. Qa4+ {[%clk 1:22:31]} Nc6
{[%clk 1:32:10]} 9. Qc2 {[%clk 1:20:06]} O-O {[%clk 1:19:38]} 10. Bd3
{[%clk 1:14:03]} Qg5 {[%clk 1:17:27]} 11. g3 {[%clk 1:12:58]} Re8
{[%clk 1:15:08]} 12. Nge2 {[%clk 1:10:39]} Bh3 {[%clk 1:06:50]} 13. O-O-O
{[%clk 1:08:42]} a5 {[%clk 0:56:14]} 14. Nf4 {[%clk 1:00:54]} Bg4
{[%clk 0:54:57]} 15. Ncxd5 {[%clk 0:45:48]} Bxd1 {[%clk 0:52:52]} 16. Qxd1
{[%clk 0:45:56]} Bd6 {[%clk 0:48:29]} 17. h4 {[%clk 0:45:06]} Qd8
{[%clk 0:48:26]} 18. Nh5 {[%clk 0:26:40]} Bf8 {[%clk 0:19:38]} 19. Ndf6+
{[%clk 0:24:34]} Kh8 {[%clk 0:19:52]} 20. Nxe8 {[%clk 0:23:07]} Qxe8
{[%clk 0:20:11]} 21. a3 {[%clk 0:18:15]} Rb8 {[%clk 0:17:16]} 22. Bc2
{[%clk 0:16:09]} b5 {[%clk 0:14:08]} 23. Qd3 {[%clk 0:14:41]} g6 {[%clk 0:13:27]}
24. Nf4 {[%clk 0:14:40]} b4 {[%clk 0:10:17]} 25. h5 {[%clk 0:09:23]} bxa3
{[%clk 0:03:43]} 26. bxa3 {[%clk 0:09:48]} Ne7 {[%clk 0:02:59]} 27. hxg6
{[%clk 0:08:58]} fxg6 {[%clk 0:03:14]} 28. Kd2 {[%clk 0:05:31]} Rb6
{[%clk 0:01:18]} 29. Rb1 {[%clk 0:05:40]} Rxb1 {[%clk 0:01:21]} 30. Bxb1
{[%clk 0:06:08]} Qf7 {[%clk 0:01:22]} 31. Ke1 {[%clk 0:04:27]} Nf5
{[%clk 0:01:02]} 32. d5 {[%clk 0:03:25]} Kh7 {[%clk 0:00:44]} 33. e4
{[%clk 0:02:24]} Ne7 {[%clk 0:00:43]} 34. Ne6 {[%clk 0:02:17]} Bg7
{[%clk 0:00:54]} 35. Nxc7 {[%clk 0:01:54]} Qf6 {[%clk 0:00:51]} 36. Ne8
{[%clk 0:01:39]} Qc3+ {[%clk 0:01:11]} 37. Qxc3 {[%clk 0:01:59]} Bxc3+
{[%clk 0:01:38]} 38. Ke2 {[%clk 0:02:22]} Kg8 {[%clk 0:01:47]} 39. Nc7
{[%clk 0:01:36]} g5 {[%clk 0:02:00]} 40. Bd3 {[%clk 0:31:37]} Be5
{[%clk 0:32:15]} 41. Ne6 {[%clk 0:31:28]} g4 {[%clk 0:31:38]} 42. Nd8
{[%clk 0:30:09]} a4 {[%clk 0:28:33]} 43. Nb7 {[%clk 0:29:19]} Nc8
{[%clk 0:27:46]} 44. Bc2 {[%clk 0:28:28]} Nb6 {[%clk 0:27:23]} 45. Nc5
{[%clk 0:23:29]} Bd6 {[%clk 0:23:20]} 46. Nxa4 {[%clk 0:22:09]} Nc4
{[%clk 0:23:10]} 47. Bd3 {[%clk 0:19:49]} Ne5 {[%clk 0:22:49]} 48. Ke3
{[%clk 0:18:52]} Bxa3 {[%clk 0:22:31]} 49. Bb5 {[%clk 0:17:20]} Kf7
{[%clk 0:20:56]} 50. Ke2 {[%clk 0:11:33]} Kf6 {[%clk 0:18:48]} 51. Nc3
{[%clk 0:09:02]} Bc5 {[%clk 0:13:56]} 52. Nd1 {[%clk 0:08:54]} Nf3
{[%clk 0:13:06]} 53. Bd7 {[%clk 0:08:40]} Ng5 {[%clk 0:10:37]} 54. Bxg4
{[%clk 0:06:03]} Nxe4 {[%clk 0:10:57]} 55. Bf3 {[%clk 0:05:39]} Ke5
{[%clk 0:09:09]} 56. Bxe4 {[%clk 0:05:03]} Kxe4 {[%clk 0:09:28]} 57. Ne3
{[%clk 0:03:59]} h5 {[%clk 0:08:08]} 58. Ng2 {[%clk 0:02:43]} Bd6
{[%clk 0:07:14]} 59. Nh4 {[%clk 0:01:28]} Kxd5 {[%clk 0:06:55]} 60. Kf3
{[%clk 0:01:51]} Ke5 {[%clk 0:06:50]} 61. Ng2 {[%clk 0:01:13]} Kf5
{[%clk 0:06:38]} 62. Ne3+ {[%clk 0:01:30]} Kg5 {[%clk 0:06:36]} 63. Ke4
{[%clk 0:01:39]} Bb8 {[%clk 0:02:08]} 64. f4+ {[%clk 0:01:56]} Kg6
{[%clk 0:02:13]} 65. Nd5 {[%clk 0:01:31]} Bd6 {[%clk 0:01:49]} 66. Nc3
{[%clk 0:01:02]} Kf6 {[%clk 0:01:58]} 67. Ne2 {[%clk 0:00:52]} Bc5
{[%clk 0:02:00]} 68. Kf3 {[%clk 0:00:35]} Kf5 {[%clk 0:02:22]} 69. Nc3
{[%clk 0:00:44]} Bb4 {[%clk 0:01:53]} 70. Nd5 {[%clk 0:00:59]} Bc5
{[%clk 0:02:16]} 71. Ne3+ {[%clk 0:00:40]} Bxe3 {[%clk 0:01:00]} 72. Kxe3
{[%clk 0:01:05]} Kg4 {[%clk 0:01:26]} 73. Kf2 {[%clk 0:01:03]} h4
{[%clk 0:01:51]} 74. gxh4 {[%clk 0:01:25]} Kxf4 {[%clk 0:02:18]} 1/2-1/2

[Event "IMP Kobiet do lat 20"]
[Site "Chotowa"]
[Date "2023.10.31"]
[Round "6.6"]
[White "Siekanska, Zuzanna"]
[Black "Zabrzanska, Weronika"]
[Result "0-1"]
[BlackElo "1915"]
[WhiteElo "1885"]
[LiveChessVersion "1.4.8"]

1. d4 {[%clk 1:30:55]} Nf6 {[%clk 1:30:50]} 2. c4 {[%clk 1:31:18]} e6
{[%clk 1:31:13]} 3. Nf3 {[%clk 1:31:31]} b6 {[%clk 1:30:38]} 4. a3
{[%clk 1:31:50]} Bb7 {[%clk 1:30:43]} 5. Nc3 {[%clk 1:32:10]} d5 {[%clk 1:31:03]}
6. cxd5 {[%clk 1:32:28]} Nxd5 {[%clk 1:31:05]} 7. Qc2 {[%clk 1:32:40]} c5
{[%clk 1:05:50]} 8. e4 {[%clk 1:29:14]} Nxc3 {[%clk 1:01:14]} 9. bxc3
{[%clk 1:29:27]} Be7 {[%clk 1:00:45]} 10. Bb5+ {[%clk 1:28:33]} Bc6
{[%clk 1:00:53]} 11. Bd3 {[%clk 1:28:48]} Nd7 {[%clk 0:59:12]} 12. O-O
{[%clk 1:28:38]} Qc7 {[%clk 0:58:02]} 13. Re1 {[%clk 1:25:02]} Rc8
{[%clk 0:55:02]} 14. Qe2 {[%clk 1:07:16]} Nf6 {[%clk 0:54:47]} 15. Ne5
{[%clk 1:06:53]} O-O {[%clk 0:55:06]} 16. Nxc6 {[%clk 0:58:03]} Qxc6
{[%clk 0:50:56]} 17. Bd2 {[%clk 0:49:32]} Rfd8 {[%clk 0:49:17]} 18. e5
{[%clk 0:38:15]} Ne8 19. Qg4 cxd4 {[%clk 0:45:41]} 20. c4 {[%clk 0:35:08]} g6
{[%clk 0:43:24]} 21. Re4 {[%clk 0:29:37]} Ng7 {[%clk 0:37:28]} 22. Qh3
{[%clk 0:26:15]} Qb7 {[%clk 0:35:34]} 23. Rg4 {[%clk 0:21:22]} Rc5
{[%clk 0:31:56]} 24. Re1 {[%clk 0:20:06]} a6 {[%clk 0:31:25]} 25. Bb4
{[%clk 0:16:17]} Rcc8 {[%clk 0:30:33]} 26. Qh6 {[%clk 0:14:29]} Nf5
{[%clk 0:24:56]} 27. Bxf5 {[%clk 0:12:37]} exf5 {[%clk 0:25:20]} 28. Rg3
{[%clk 0:08:04]} Bxb4 {[%clk 0:23:48]} 29. axb4 {[%clk 0:08:19]} Qe7
{[%clk 0:23:05]} 30. b5 {[%clk 0:04:16]} axb5 {[%clk 0:21:43]} 31. cxb5
{[%clk 0:04:41]} d3 {[%clk 0:16:38]} 32. Qe3 {[%clk 0:01:27]} d2 {[%clk 0:15:53]}
33. Rd1 {[%clk 0:01:48]} Rc1 {[%clk 0:15:28]} 34. Qe2 {[%clk 0:01:58]} Qxe5
{[%clk 0:12:39]} 35. Re3 {[%clk 0:02:14]} Qxb5 {[%clk 0:11:19]} 0-1

[Event "IMP Kobiet do lat 20"]
[Site "Chotowa"]
[Date "2023.10.31"]
[Round "6.7"]
[White "Matskevich, Varvara"]
[Black "Sprzeczka, Emilia"]
[Result "1-0"]
[BlackElo "1865"]
[WhiteElo "1722"]
[LiveChessVersion "1.4.8"]

1. f4 {[%clk 1:27:19]} d5 {[%clk 1:30:51]} 2. Nf3 {[%clk 1:27:28]} c5
{[%clk 1:31:09]} 3. g3 {[%clk 1:27:15]} g6 {[%clk 1:31:12]} 4. Bg2
{[%clk 1:27:03]} Bg7 {[%clk 1:31:29]} 5. d3 {[%clk 1:26:34]} Nc6 {[%clk 1:25:18]}
6. O-O {[%clk 1:25:32]} Nf6 {[%clk 1:25:26]} 7. Nc3 {[%clk 1:23:42]} d4
{[%clk 1:25:01]} 8. Na4 {[%clk 1:23:12]} b6 {[%clk 1:21:36]} 9. Ne5
{[%clk 1:18:31]} Nxe5 {[%clk 1:18:22]} 10. Bxa8 {[%clk 1:17:44]} Neg4
{[%clk 1:18:02]} 11. c4 {[%clk 1:06:28]} Qd7 {[%clk 1:07:00]} 12. Bg2
{[%clk 0:55:17]} e5 {[%clk 0:50:31]} 13. h3 {[%clk 0:48:45]} Ne3 {[%clk 0:47:40]}
14. Bxe3 {[%clk 0:47:57]} dxe3 {[%clk 0:45:26]} 15. Nc3 {[%clk 0:43:12]} Nh5 16.
Qe1 O-O {[%clk 0:40:16]} 17. Nd5 {[%clk 0:40:38]} exf4 {[%clk 0:36:00]} 18. g4
{[%clk 0:38:50]} Nf6 {[%clk 0:33:27]} 19. Nxf4 {[%clk 0:38:14]} g5
{[%clk 0:31:39]} 20. Nd5 {[%clk 0:37:33]} Nxd5 {[%clk 0:31:53]} 21. Bxd5
{[%clk 0:37:40]} Bxb2 {[%clk 0:31:54]} 22. Rb1 {[%clk 0:37:23]} Be5
{[%clk 0:31:25]} 23. Rf3 {[%clk 0:36:21]} Qe7 {[%clk 0:23:07]} 24. Qf1
{[%clk 0:34:43]} Bb7 {[%clk 0:21:52]} 25. Bxb7 {[%clk 0:34:44]} Qxb7
{[%clk 0:22:15]} 26. Rf5 {[%clk 0:34:26]} f6 {[%clk 0:19:32]} 27. Qg2
{[%clk 0:34:17]} Qd7 {[%clk 0:19:03]} 28. Rbf1 {[%clk 0:33:58]} Kg7
{[%clk 0:18:12]} 29. Qe4 {[%clk 0:34:01]} Qd6 {[%clk 0:15:27]} 30. Kg2
{[%clk 0:34:00]} Qd4 {[%clk 0:14:36]} 31. Qb7+ {[%clk 0:32:25]} Kg8
{[%clk 0:12:47]} 32. Qe7 {[%clk 0:29:59]} h6 {[%clk 0:11:16]} 33. Rxe5
{[%clk 0:27:50]} Qxe5 {[%clk 0:11:36]} 34. Qxe5 {[%clk 0:28:15]} fxe5
{[%clk 0:12:02]} 35. Rxf8+ {[%clk 0:28:37]} Kxf8 {[%clk 0:12:28]} 36. Kf3
{[%clk 0:29:01]} Kf7 {[%clk 0:12:15]} 37. Kxe3 {[%clk 0:29:20]} a6
{[%clk 0:07:44]} 38. Ke4 {[%clk 0:29:19]} Ke6 {[%clk 0:05:16]} 39. a4
{[%clk 0:29:27]} Kd6 {[%clk 0:04:39]} 40. Kf5 {[%clk 0:59:50]} e4
{[%clk 0:33:04]} 41. Kxe4 {[%clk 0:59:26]} Ke6 {[%clk 0:33:08]} 42. e3
{[%clk 0:59:36]} Kd6 {[%clk 0:33:11]} 43. Kf5 {[%clk 0:58:47]} Kd7
{[%clk 0:33:14]} 44. e4 {[%clk 0:58:42]} Ke7 {[%clk 0:33:26]} 45. Ke5
{[%clk 0:58:59]} a5 {[%clk 0:33:18]} 46. Kd5 {[%clk 0:58:58]} Kd7
{[%clk 0:33:42]} 47. e5 {[%clk 0:59:23]} Ke7 {[%clk 0:34:03]} 48. e6
{[%clk 0:59:47]} 1-0